Statistics for Gracie Abrams - Best (Lyrics)

Click here to take the quiz!

General Stats

  • This quiz has been taken 243 times
  • The average score is 266 of 300

Answer Stats

Answer% Correct
I
100%
I,
100%
best
99%
the
99%
you
99%
You
99%
a
98%
never
98%
was,
98%
was
98%
of
97%
to
97%
Go
95%
It
94%
it,
94%
it
94%
All
93%
all
93%
in
93%
my
93%
your
93%
"Good
92%
we
92%
We
92%
riddance"
91%
were
90%
though,
89%
though
89%
time
89%
worst
89%
You're
89%
there
88%
When
88%
me
87%
me,
87%
crimes
86%
mind
86%
out
86%
thought
86%
whole
86%
Lost
85%
And
84%
appetite
84%
bored
84%
didn't
84%
fell
84%
hard,
84%
could
83%
so
82%
but
81%
But
81%
day
80%
feel
80%
lie
80%
self
80%
times
80%
Twenty
80%
addiction
79%
every
79%
Now,
79%
now
79%
now,
79%
face
78%
life,
78%
stay
78%
little
77%
strange
77%
come
75%
with
75%
destroyed
74%
different,
74%
Gave
74%
over
74%
too
74%
Used
74%
head
73%
them
73%
sensitive
72%
that,
72%
feelings,
71%
I'd
71%
blocking
70%
internet
70%
played
70%
tried
70%
I'm
69%
stayed
68%
this
68%
bet
67%
call
67%
still
67%
While
67%
ahead,
66%
can
66%
had
66%
hidden
66%
how
66%
negligent
66%
silver
66%
angry,
65%
deserve
65%
resent
65%
at
64%
lining
64%
look
64%
'bout
63%
control
63%
don't
63%
just
63%
self-isolate
63%
terrible
63%
fault
62%
here,
62%
knew,
62%
alone,
61%
conditioning
61%
home
61%
forget
60%
got
60%
Promise
60%
sitting
60%
handled
59%
kinda
59%
difficult
58%
staying
58%
'Cause
56%

Score Distribution

Percentile by Number Answered

Percent of People with Each Score

Your Score History

You have not taken this quiz